Ojitos lindos - Bad Bunny - Estadísticas

Estadísticas generales
  • Esta prueba ha sido intentada 290 veces
  • La puntuación promedio es 250 de 385
Estadísticas de respuestas
Respuesta % Correcto
a
97%
y
94%
tu
91%
mi
89%
que
89%
sol
89%
ha
88%
lindo
88%
me
88%
es
87%
ojitos
87%
ti
87%
con
86%
de
86%
no
86%
NO
86%
en
82%
hace
82%
tiempo
82%
la
81%
lindos
80%
eso
79%
el
78%
mirame
78%
solo
78%
yo
78%
esos
77%
nadie
74%
te
74%
dias
72%
mucho
71%
le
70%
los
70%
al
69%
amo
68%
pa
68%
corazon
67%
nacer
67%
estoy
66%
pero
66%
bien
64%
mano
64%
si
63%
vuelto
63%
he
62%
agarro
61%
buenos
61%
hago
61%
caso
60%
por
60%
tienes
60%
TIENES
60%
antes
59%
cuando
59%
tus
58%
mirada
57%
vi
57%
salga
56%
camino
54%
dos
54%
ojos
54%
acelerador
53%
olor
52%
razon
52%
sin
52%
son
52%
envolvi
51%
para
51%
pensando
51%
cambio
50%
meses
49%
hoy
48%
ser
48%
control
47%
del
47%
envio
47%
iba
47%
pasan
47%
usar
47%
enredao
45%
llegado
44%
trayecto
44%
pierda
43%
busque
41%
adios
40%
chocamos
40%
sonrisa
39%
pecado
38%
aqui
37%
bonito
37%
conecto
37%
perfecto
37%
todo
37%
boca
36%
existe
36%
mas
36%
parta
36%
querer
36%
tarde
36%
acariciandonos
35%
como
35%
dejo
35%
errores
35%
frenos
35%
llevar
35%
lunar
35%
nada
35%
decir
34%
sea
34%
vaya
34%
placeres
33%
seremos
33%
alma
32%
equivocarse
32%
estas
32%
hay
32%
loco
32%
loquita
32%
playa
32%
besitos
31%
cerquita
31%
tranquila
31%
otra
30%
igual
29%
medio
29%
baby
28%
contigo
28%
quiero
28%
girasoles
27%
todos
27%
regalarte
26%
su
26%
caracoles
24%
miro
24%
canciones :)
22%
hunda
22%
Dios
21%
rolex
21%
eres
20%
ir
20%
bailar
18%
buscarte
18%
encima
18%
vamos
18%
respuesta
17%
hablo
16%
mami
16%
doscientos
15%
aprendi
14%
momentos
14%
nunca
14%
olvido
14%
puesta
14%
cuestan
12%
falta
12%
solamente
12%
regalas
11%
No se encontraron pruebas coincidentes
Distribución de puntuación
Porcentaje de gente con cada puntuación
Porcentaje por número respondido
Historial de tus puntuaciones
No has intentado esta prueba.